[Event "Banicky Kahanec"]
[Site "Prievidza"]
[Date "1997.09.11"]
[Round "5"]
[White "Helbich, Jan Jr"]
[Black "Dobrotka, Martin"]
[Result "1/2-1/2"]
[WhiteElo "2195"]
[BlackElo "2230"]

1.e4 g6 2.d4 Bg7 3.Nc3 d6 4.Nf3 Nd7 5.Bc4 e6 6.O-O Ne7 7.Be3 c6 8.a4 Nf6
9.e5 Nfd5 10.Bxd5 exd5 11.exd6 Qxd6 12.Qd2 O-O 13.Bh6 Bxh6 14.Qxh6 Nf5 15.Qd2 a5
16.Ne2 b6 17.Rfe1 c5 18.Nf4 Bb7 19.Ne2 Rfe8 20.Ng3 Nxg3 21.hxg3 c4 22.b3 f6
23.Rxe8+ Rxe8 24.Re1 Re4 25.Qc3 cxb3 26.cxb3 Rxe1+ 27.Nxe1 Ba6 28.Nc2 Kf7  1/2-1/2

[Event "POR-ch"]
[Site "Maceira"]
[Date "1997.09.12"]
[Round "10"]
[White "Damaso, Rui"]
[Black "Leonardo, Joao"]
[Result "1-0"]
[WhiteElo "2485"]
[BlackElo "2320"]

1.d4 g6 2.e4 Bg7 3.Nc3 d6 4.Be3 c6 5.Nf3 Nf6 6.Bd3 O-O 7.h3 Qc7 8.O-O e5
9.a4 Nbd7 10.Qd2 Re8 11.a5 Nh5 12.Rfd1 Nf8 13.Bc4 Be6 14.d5 cxd5 15.Bxd5 a6
16.Bxe6 Nxe6 17.Qxd6 Qc8 18.Qd7 Qb8 19.Nd5 Nf6 20.Qa4 Nxd5 21.exd5 Nf8 22.d6 Rd8
23.d7 b5 24.axb6 Qb7 25.Nd2 Nxd7 26.Nc4 Bf6 27.Na5  1-0

[Event "ESP-ch"]
[Site "Torrevieja"]
[Date "1997.10.01"]
[Round "4"]
[White "Arizmendi Martinez, Julen Luis"]
[Black "Garcia del Rey, Senen"]
[Result "1-0"]
[WhiteElo "2470"]
[BlackElo "2205"]

1.e4 g6 2.d4 Bg7 3.Nc3 d6 4.Nf3 Nd7 5.Bc4 e6 6.a4 Ne7 7.a5 a6 8.Be3 Nf6 9.Qd2 d5
10.Bd3 dxe4 11.Nxe4 Nxe4 12.Bxe4 Nf5 13.Bxf5 exf5 14.O-O O-O 15.Bh6 Bxh6
16.Qxh6 Qf6 17.Rfe1 Bd7 18.Re5 Rae8 19.Rae1 Bc6 20.d5 Rxe5 21.Nxe5 Rd8 22.c4 Be8
23.Qe3 Qd6 24.Nd3 Bd7 25.Qd4 Re8 26.Rxe8+ Bxe8 27.Qe5 Qxe5 28.Nxe5 Ba4 29.c5 f6
30.Nd3 Kf7 31.d6 cxd6 32.cxd6 Bc6 33.Nc5 f4 34.f3 g5 35.Kf2 h5 36.Ke2 g4
37.d7 Ke7 38.d8=Q+ Kxd8 39.Ne6+ Ke7 40.Nxf4 gxf3+ 41.gxf3 Be8 42.Nd5+ Kf7
43.Ke3 h4 44.Nf4 Bd7 45.Ng2 h3 46.Nf4 Ke7 47.Kf2 Kd6 48.Kg3 Kc5 49.Nxh3 Kb4
50.Nf4 Kxa5 51.Nd5 b5 52.Nxf6  1-0

[Event "Budapest FS10 IM-B"]
[Site "Budapest"]
[Date "1997.10.05"]
[Round "1"]
[White "Le Thi Phuong Lien"]
[Black "Schmidt, Jan Peter"]
[Result "0-1"]
[WhiteElo "2265"]
[BlackElo "2260"]

1.e4 g6 2.d4 Bg7 3.Nc3 d6 4.f4 c6 5.Nf3 Bg4 6.Be2 Qb6 7.e5 Nd7 8.a4 a5 9.h3 Bxf3
10.Bxf3 Rd8 11.exd6 Bxd4 12.Qe2 Ndf6 13.dxe7 Nxe7 14.Kf1 Rd7 15.Ne4 O-O 16.Nxf6+ Bxf6
17.g4 Nd5 18.Ra3 Re7 19.Qd3 Bh4 20.Qd2 Rfe8 21.Rb3 Re1+ 22.Kg2 R8e2+  0-1

[Event "ESP-ch"]
[Site "Torrevieja"]
[Date "1997.10.05"]
[Round "8"]
[White "Lopez Martinez, Jose Manuel"]
[Black "Brito, Alfredo"]
[Result "0-1"]
[WhiteElo "2255"]
[BlackElo "2405"]

1.e4 g6 2.d4 Bg7 3.Nc3 d6 4.Be3 c6 5.Qd2 Nd7 6.Nf3 Ngf6 7.h3 O-O 8.Be2 Qc7
9.O-O a6 10.a4 b6 11.Bh6 e5 12.Bxg7 Kxg7 13.Rad1 Bb7 14.dxe5 dxe5 15.Qd6 Rac8
16.Rfe1 Rfe8 17.Qxc7 Rxc7 18.Nd2 b5 19.Bg4 Nxg4 20.hxg4 Nc5 21.f3 Rb8 22.a5 Ne6
23.Nb3 c5 24.Nd5 Rd7 25.Nb6 Rxd1 26.Rxd1 c4 27.Nc1 Nd4 28.c3 Nc6 29.b4 Rd8
30.Rxd8 Nxd8 31.Nd7 Bc8 32.Nc5 Kf8 33.Kf2 Ke7 34.Ne2 Kd6 35.Ng3 Nc6 36.Ke3 Nxa5
37.Nxa6 Nb3 38.Nc5 Nxc5 39.bxc5+ Kxc5 40.Ne2 f5 41.gxf5 gxf5 42.exf5 Bxf5
43.f4 Bd3 44.Nc1 exf4+ 45.Kxf4 Bf1 46.g3 b4 47.cxb4+ Kxb4 48.Ke3 Kc3 49.Kf2 Kb2  0-1

[Event "Budapest FS10 IM-A"]
[Site "Budapest"]
[Date "1997.10.15"]
[Round "11"]
[White "Held, Markus"]
[Black "Gorbatow, Alexej"]
[Result "0-1"]
[WhiteElo "2315"]
[BlackElo "2420"]

1.e4 g6 2.d4 Bg7 3.Nc3 d6 4.Nf3 a6 5.a4 b6 6.Bc4 e6 7.O-O Ne7 8.Re1 O-O 9.h3 Bb7
10.Bf4 Nd7 11.Qd2 Re8 12.Bh6 Bh8 13.Ng5 Nc6 14.d5 Nd4 15.f4 c6 16.Nxf7 Kxf7
17.dxe6+ Nxe6 18.f5 gxf5 19.exf5 d5 20.fxe6+ Rxe6 21.Ne4 Kg8 22.Ng5 Rxh6
23.Nf7 Kxf7 24.Qxh6 Nf6 25.Bd3 Bg7 26.Qh4 Kg8 27.Re6 h6 28.Rf1 Ne4 29.Qf4 Ng5
30.h4 Nxe6 31.Qf7+ Kh8 32.Qg6 Qg8 33.Rf7 Bd4+ 34.Kh1 Qxg6 35.Bxg6 Rb8  0-1

[Event "Copa Itau Mercosul"]
[Site "Sao Paulo"]
[Date "1997.10.25"]
[Round "7"]
[White "Rocha, Wellington Carlos"]
[Black "Sorokin, Maxim"]
[Result "0-1"]
[WhiteElo "2290"]
[BlackElo "2555"]

1.e4 g6 2.d4 Bg7 3.Nc3 d6 4.Bc4 a6 5.Qf3 e6 6.Nge2 b5 7.Bd3 Bb7 8.Be3 Nd7
9.Rd1 Qe7 10.Qg3 Ngf6 11.f3 O-O 12.Qh4 e5 13.dxe5 dxe5 14.Bh6 Rfe8 15.Bxg7 Kxg7
16.O-O c5 17.Ng3 Rad8 18.Qg5 Kh8 19.Rd2 Nf8 20.Rfd1 Rd4 21.Nce2 Rd6 22.c3 Red8
23.Nf1 Bc8 24.Bc2 Kg7 25.Neg3 Rxd2 26.Rxd2 Rxd2 27.Qxd2 Ne6 28.Ne3 Nf4 29.Ne2 Nxe2+
30.Qxe2 Be6 31.a4 c4 32.axb5 axb5 33.g3 h5 34.Qd2 Nh7 35.f4 Qc5 36.Qf2 Qd6
37.h4 Nf6 38.f5 Bd7 39.Qe2 gxf5 40.exf5 Bc6 41.Kh2 Qc5 42.Kh3 Kf8 43.Qd2 Bb7
44.g4 Qc6 45.g5 Qf3+ 46.Kh2 Qxe3  0-1

[Event "Mladi op"]
[Site "Litomysl"]
[Date "1997.10.26"]
[Round "7"]
[White "Slepankova, Radka"]
[Black "Kujovic, Michal"]
[Result "1/2-1/2"]
[WhiteElo "2020"]
[BlackElo "2250"]

1.e4 g6 2.d4 Bg7 3.Nc3 d6 4.Be3 Nf6 5.f3 O-O 6.Qd2 e5 7.dxe5 dxe5 8.Qxd8 Rxd8
9.Bc4 Nc6 10.Nge2 Nd4 11.O-O-O Be6 12.Bxe6 Nxe6 13.Rxd8+ Rxd8 14.Rd1 Rxd1+
15.Kxd1  1/2-1/2

[Event "Bahn-chT S+W"]
[Site "Friedrichroda"]
[Date "1997.10.30"]
[Round "6.2"]
[White "Mueller, Thomas"]
[Black "Mantei, Eduard"]
[Result "1-0"]
[WhiteElo "2010"]
[BlackElo "1774"]

1.d4 g6 2.Nc3 Bg7 3.e4 d6 4.g3 Nd7 5.Bg2 e5 6.Be3 Ngf6 7.h3 c6 8.a4 a5 9.Nge2 O-O
10.O-O Rb8 11.Qd2 Nb6 12.b3 exd4 13.Bxd4 d5 14.exd5 Nbxd5 15.Nxd5 Nxd5 16.Bxg7 Kxg7
17.Rad1 Qb6 18.Kh2 Nb4 19.Nc3 Bf5 20.Ne4 Bxe4 21.Bxe4 Rbd8 22.Qc3+ Kg8 23.Kg2 Rxd1
24.Rxd1 Rd8 25.Rd2 Rxd2 26.Qxd2 Qc7 27.c3 Na6 28.Qd4 Nb8 29.b4 axb4 30.cxb4 Nd7
31.f4 Nf8 32.f5 Qd7 33.Qxd7 Nxd7 34.fxg6 fxg6 35.a5 Ne5 36.b5 cxb5 37.Bxb7 Nc4
38.Bd5+ Kg7 39.Bxc4 bxc4 40.Kf2  1-0

[Event "AUT-chT3 9798"]
[Site "Vorarlberg "]
[Date "1997.10.31"]
[Round "3"]
[White "Drexel, Christof"]
[Black "Amann, Harald"]
[Result "1/2-1/2"]
[WhiteElo "2035"]
[BlackElo "2040"]

1.e4 g6 2.d4 Bg7 3.Nc3 d6 4.Be3 Nd7 5.Nf3 e5 6.Qd2 c6 7.a4 Ngf6 8.dxe5 dxe5
9.Rd1 Qe7 10.Bc4 O-O 11.O-O Qb4 12.b3 Ng4 13.Bg5 h6 14.h3 hxg5 15.hxg4 Nb6
16.Be2 f6 17.Ne1 a5 18.Nd3 Qe7 19.Qe3 Nd7 20.Nb2 Nc5 21.Nc4 Kh7 22.Nb6 Rb8
23.Nxc8  1/2-1/2

[Event "Bahn-chT S+W"]
[Site "Friedrichroda"]
[Date "1997.11.01"]
[Round "7.2"]
[White "Mueller, Thomas"]
[Black "Fleuch, Hans Juergen"]
[Result "1/2-1/2"]
[WhiteElo "2010"]
[BlackElo "2028"]

1.d4 g6 2.e4 Bg7 3.Nc3 d6 4.g3 c6 5.a4 Nd7 6.Bg2 Ngf6 7.Nge2 O-O 8.O-O e5
9.h3 b6 10.Be3 Bb7 11.Qd2 Re8 12.f3  1/2-1/2

[Event "Hellir op"]
[Site "Reykjavik"]
[Date "1997.11.01"]
[Round "9"]
[White "Mortensen, Erling"]
[Black "Hickl, Joerg"]
[Result "0-1"]
[WhiteElo "2455"]
[BlackElo "2565"]

1.e4 g6 2.d4 Bg7 3.Nc3 d6 4.f4 Nc6 5.Be3 Nf6 6.Be2 O-O 7.Nf3 e6 8.e5 Nd5
9.Nxd5 exd5 10.O-O Bf5 11.c4 Ne7 12.h3 c6 13.b3 f6 14.g4 fxe5 15.fxe5 Be6
16.Qd2 Qd7 17.Rf2 dxc4 18.bxc4 Rad8 19.Rd1 b5 20.cxb5 cxb5 21.Bg5 Bc4 22.Bxc4+ bxc4
23.Qb4 h6 24.Bxe7 Qxe7 25.Qxc4+ Kh7 26.Re1 Rf4 27.exd6 Qxd6 28.Re6 Qf8 29.Qd3 Qf7
30.Ree2 Rf8 31.Kg2 Bxd4 32.Rf1 Bg7 33.Rff2 Bd4 34.Rf1 Bg7 35.Rff2 a5 36.Re4 Qb7
37.Rxf4 Rxf4 38.Re2 a4 39.Kg3 Qc7 40.Kg2 Qb7 41.Kg3 Qc7 42.Kg2 Qc4 43.Qe3 Rf7
44.Qe4 Rc7 45.a3 Qxe4 46.Rxe4 Rc2+ 47.Kg3 Bf8 48.Rxa4 Bd6+ 49.Kh4 Rg2 50.Ng5+ hxg5+
51.Kxg5 Be7+ 52.Kf4 Kh6 53.Ra8 Bd6+ 54.Ke4 Kg5 55.Ra6 Rd2 56.Ra8 Rh2 57.Kd5 Bf4
58.Rh8 Ra2 59.Rg8 Bg3 60.Ra8 Rh2 61.Ke6 Rxh3 62.Ra5+ Kh6 63.g5+ Kh5 64.Kf7 Bh4
65.Ra6 Rb3  0-1

[Event "RUS-Cup01 Chigorin mem"]
[Site "St Petersburg"]
[Date "1997.11.06"]
[Round "6"]
[White "Nikitin, Andrey"]
[Black "Chepukaitis, Genrikh"]
[Result "0-1"]
[WhiteElo "2480"]
[BlackElo "2330"]

1.e4 g6 2.d4 Bg7 3.Nc3 d6 4.Be3 e6 5.Qd2 a6 6.Bd3 Nc6 7.Nce2 h6 8.c3 Nge7
9.f4 f5 10.Nf3 b5 11.Rg1 Bb7 12.Qc2 Na5 13.O-O-O Qd7 14.g4 fxe4 15.Bxe4 Bxe4
16.Qxe4 Qc6 17.d5 exd5 18.Qc2 Qd7 19.Bd4 Bxd4 20.Nexd4 c5 21.Rge1 O-O-O 22.Ne6 Rdg8
23.Qf2 Nac6 24.b4 cxb4 25.cxb4 Kb7 26.Kb1 Rc8 27.Qb2 h5 28.h3 hxg4 29.hxg4 Ka8
30.Rd3 Rh3 31.Ra3 Qa7 32.Qg2 Rhh8 33.Qd2 Rh3 34.Rc1 Rg3 35.f5 Rxg4 36.f6 Qd7
37.fxe7 Qxe6 38.Re3 Qf5+ 39.Kb2 Nxe7 40.Rxe7 Rxc1 41.Qxc1 Rxb4+ 42.Ka1 Qf6+
43.Ne5 Rc4 44.Re8+ Kb7 45.Qh1 Rc5 46.Qf3 Qg5 47.Nd3 Rc1+ 48.Kb2 Qd2+  0-1

[Event "Budapest FS11 IM-B"]
[Site "Budapest"]
[Date "1997.11.10"]
[Round "9"]
[White "Pinter, Gabor"]
[Black "Martic, Zlatko"]
[Result "0-1"]
[WhiteElo "2155"]
[BlackElo "2320"]

1.e4 g6 2.d4 Bg7 3.Nc3 d6 4.f4 a6 5.Nf3 b5 6.a4 b4 7.Na2 a5 8.c3 bxc3 9.Nxc3 Na6
10.Bc4 e6 11.f5 Nb4 12.fxe6 fxe6 13.O-O h6 14.e5 Ne7 15.exd6 Qxd6 16.Ne4 Qb6
17.Kh1 O-O 18.Ne5 Rxf1+ 19.Qxf1 Nf5 20.Nxg6 Kh7 21.Nf4 Qxd4 22.Nc3 Nc2 23.Rb1 Qe5
24.Bd3 Nb4 25.Bd2 Nxd3 26.Qxd3 Ra6 27.Re1 Qd4 28.Qc2 e5 29.Nh5 Rg6 30.Nxg7 Qf2
31.Qe4 Qxd2 32.Rg1 Nxg7 33.Qxe5 Bb7 34.Ne4 Bxe4 35.Qxe4 Qxb2 36.Qe8  0-1

[Event "CZE-chT 9798"]
[Site "CZE"]
[Date "1997.11.15"]
[Round "1"]
[White "Sosna, Jan"]
[Black "Cesal, Jaroslav"]
[Result "1-0"]
[WhiteElo "2355"]
[BlackElo "2320"]

1.e4 g6 2.d4 Bg7 3.Nc3 d6 4.Bc4 Nc6 5.Nf3 Nf6 6.d5 Nb4 7.a3 Na6 8.O-O O-O
9.Re1 Nc5 10.Bg5 h6 11.Bh4 c6 12.dxc6 g5 13.e5 dxe5 14.Qxd8 Rxd8 15.Bg3 e4
16.Ne5 bxc6 17.Nxf7 Rd2 18.Rad1 Rxd1 19.Rxd1 Be6 20.Bxe6 Nxe6 21.Ne5 c5 22.Nc6 Kf7
23.Be5 a6 24.Bxf6 Bxf6 25.Nxe4 Bxb2 26.Rd7 Bf6 27.Kf1 Kg6 28.Nxe7+ Bxe7 29.Rxe7 Kf5
30.f3 Rb8 31.g4+ Kf4 32.Rxe6 Kxf3 33.Nd2+ Kxg4 34.Rxh6 Rb2 35.Nc4 Rb1+ 36.Kf2 Rh1
37.Ne3+ Kf4 38.Nf1 g4 39.Kg2 Rxf1  1-0

[Event "Bayern-chI Bank Hofmann"]
[Site "Bad Wiessee"]
[Date "1997.11.16"]
[Round "2"]
[White "Roemhild, Marcus"]
[Black "Gorbatow, Alexej"]
[Result "1-0"]
[WhiteElo "2195"]
[BlackElo "2420"]

1.e4 g6 2.d4 Bg7 3.Nc3 d6 4.Bc4 a6 5.Qf3 e6 6.Be3 Ne7 7.Nge2 O-O 8.h4 b5
9.Bd3 Nbc6 10.h5 e5 11.d5 Nd4 12.Qg3 b4 13.Nb1 Nxe2 14.Bxe2 f6 15.hxg6 hxg6
16.Nd2 Kf7 17.O-O-O Rh8 18.f4 exf4 19.Qxf4 Qg8 20.Nf3 Ke8 21.g4 g5 22.Qg3 Bd7
23.Nd4 Kd8 24.Bf3 a5 25.Rxh8 Bxh8 26.Nf5 Nxf5 27.exf5 Bg7 28.Bd4 Kc8 29.Qe1 Qf7
30.Qe2 Kb7 31.Qd3 Qe8 32.Qd2 Rb8 33.Re1 Qf8 34.Qd3 Ra8 35.Re6 Kc8 36.Re1 Kd8
37.Qf1 Qh8 38.Qe2 Qf8 39.Qh2 Rb8 40.Qe2 Bb5 41.Qd2 Bd7 42.Rh1 Qg8 43.Qe2 Ra8
44.Qf1 Ke7 45.Qc4 Kd8 46.Qe2 Qf8 47.Re1 Qf7 48.Qf1 Qg8 49.Re3 Qh8 50.Be2 Rb8
51.Bc4 Qg8 52.b3 Qf8 53.Qe2 Qf7 54.Qe1 Qf8  1-0

[Event "Bayern-chI Bank Hofmann"]
[Site "Bad Wiessee"]
[Date "1997.11.16"]
[Round "2"]
[White "Knapp, Michael"]
[Black "Hickl, Joerg"]
[Result "0-1"]
[WhiteElo "2145"]
[BlackElo "2565"]

1.d4 d6 2.e4 g6 3.Nc3 Bg7 4.Be3 a6 5.Nf3 b5 6.Be2 Bb7 7.O-O Nd7 8.a3 e5 9.dxe5 dxe5
10.Qd3 Ngf6 11.Rfd1 Qe7 12.Nd2 c5 13.Nf1 c4 14.Qd2 O-O 15.f3 Rfc8 16.Qd6 Qe8
17.Kh1 h6 18.g4 Kh7 19.Ng3 Bf8 20.Qd2 Nc5 21.h4 Ne6 22.g5 Rd8 23.Qe1 Ng8
24.Qf2 Nf4 25.Bb6 Rxd1+ 26.Rxd1 Qe6 27.Bf1 Be7 28.Nge2 hxg5 29.hxg5 Nxe2
30.Bxe2 Bxg5 31.Nd5 Nf6 32.Nc7 Qh3+ 33.Qh2 Qxh2+ 34.Kxh2 Rb8 35.Ba5 Kg7 36.Kg2 Rh8
37.Bd2 Bxd2 38.Rxd2 Rc8 39.Nd5 Rd8 40.b3 Nxd5 41.exd5 Rxd5 42.Rxd5 Bxd5  0-1

[Event "Bayern-chI Bank Hofmann"]
[Site "Bad Wiessee"]
[Date "1997.11.18"]
[Round "4"]
[White "Mokosch, Andreas"]
[Black "Staller, Peter"]
[Result "1-0"]
[WhiteElo "2160"]
[BlackElo "2345"]

1.e4 d6 2.d4 g6 3.Nc3 Bg7 4.Be3 a6 5.Qd2 Nd7 6.a4 b6 7.Be2 Bb7 8.f3 e5 9.Nh3 Ngf6
10.O-O exd4 11.Bxd4 O-O 12.Rad1 Re8 13.Rfe1 Ne5 14.Bf1 Qd7 15.Nf4 Rad8 16.b3 Nc6
17.Be3 Ne5 18.Nfd5 Nxd5 19.Nxd5 Rf8 20.Bg5 f6 21.Bh4 Rde8 22.Ne3 Kh8 23.Nc4 f5
24.Nxe5 Bxe5 25.f4 Bg7 26.e5 Qc6 27.exd6 cxd6 28.Rxe8 Rxe8 29.Qxd6 Qxc2 30.Bf6 Qxb3
31.Bxg7+ Kxg7 32.Qc7+ Kf8 33.Rd3 Qf7 34.Rd7 Re7 35.Qd6 Bd5 36.Rd8+ Kg7 37.Qxd5 Qxd5
38.Rxd5 Re4 39.a5 bxa5 40.Rxa5 Rxf4 41.Rxa6 Rb4 42.Kf2 Rf4+ 43.Kg1 Rb4 44.Be2 Rb1+
45.Kf2 Rb2 46.Ke3 Rb4 47.Rc6 Rh4 48.h3 Re4+ 49.Kf3 Re7 50.Bc4 Ra7 51.Kf4 Re7
52.Be6 Ra7 53.Ke5 Kh6 54.Kf6 Ra8 55.Rc4 Rf8+ 56.Bf7 g5 57.h4 g4 58.Rc5 g3
59.Ke7 Rb8 60.Rxf5 Rb7+ 61.Kf8  1-0

[Event "Bayern-chI Bank Hofmann"]
[Site "Bad Wiessee"]
[Date "1997.11.20"]
[Round "6"]
[White "Basener, Winfried"]
[Black "Birkmann, Guenther"]
[Result "0-1"]
[WhiteElo "2185"]
[BlackElo "2040"]

1.e4 g6 2.d4 Bg7 3.Nc3 d6 4.f4 Nf6 5.Nf3 O-O 6.Bd3 Nc6 7.e5 dxe5 8.dxe5 Nd5
9.O-O Nxc3 10.bxc3 Bf5 11.Bxf5 gxf5 12.Qe2 Qc8 13.Ng5 h6 14.e6 hxg5 15.exf7+ Rxf7
16.fxg5 Bxc3 17.g6 Bd4+ 18.Be3 Bxe3+ 19.Qxe3 Rg7 20.Qb3+ e6 21.Rad1 Ne7 22.h4 Rxg6
23.h5 Rg4 24.Rfe1 Kf7 25.h6 c5 26.Rd8 Qc6 27.Qxe6+ Qxe6  0-1

[Event "Bayern-chI Bank Hofmann"]
[Site "Bad Wiessee"]
[Date "1997.11.21"]
[Round "6"]
[White "Mokosch, Andreas"]
[Black "Gorbatow, Alexej"]
[Result "1/2-1/2"]
[WhiteElo "2160"]
[BlackElo "2420"]

1.e4 g6 2.d4 Bg7 3.Nc3 d6 4.Be3 a6 5.Qd2 Nd7 6.a4 b6 7.Be2 Bb7 8.f3 h5 9.Nh3 e6
10.O-O Qe7 11.Rad1 h4 12.Bc4 c6 13.Rfe1 b5 14.axb5 cxb5 15.Bf1 Rc8 16.Ne2 Nb6
17.b3 d5 18.e5 Qc7 19.Nef4 Ne7 20.Bd3 Nf5 21.Bf2 Qe7 22.Ra1 Kf8 23.Ra2 Kg8
24.Rea1 Ra8 25.Qa5 Qd8 26.Ng5 Bc8 27.Ngh3 Bf8 28.Qd2 Bb7 29.Qe1 Be7 30.Be2 Nd7
31.Nd3 Qf8 32.b4 Nb6 33.c3 Nc4 34.Nb2 Nxb2 35.Rxb2 Qh6 36.Qd2 Qxd2 37.Rxd2 g5
38.Rda2 Kg7 39.Be1 f6 40.exf6+ Bxf6 41.Bd3 Nd6 42.Re2 Rae8 43.Bd2 Nf7 44.Rae1 e5
45.dxe5 Rxe5 46.Rxe5 Nxe5 47.Bc2 Nf7 48.Re6 Rc8 49.Rb6 Rc7 50.Be3 Bc8 51.Bc5 Bxh3
52.gxh3 Ne5 53.Rxa6 Nxf3+ 54.Kf2 Nd2 55.Rd6 Rf7 56.Rxd5 Bxc3+ 57.Ke2 Nc4
58.Rxg5+ Kh6 59.Rg4 Ne5 60.Rxh4+ Kg5 61.Re4 Rd7 62.Be3+ Kh5 63.Bf4 Ng6 64.Be3 Ne5  1/2-1/2

[Event "AUT-chT2S 9798"]
[Site "Austria"]
[Date "1997.12.07"]
[Round "6"]
[White "Riedner, Martin"]
[Black "Singer, Richard"]
[Result "1/2-1/2"]
[WhiteElo "2200"]
[BlackElo "2160"]

1.e4 g6 2.d4 Bg7 3.Nc3 d6 4.Bg5 c6 5.Nf3 Nf6 6.Qd2 O-O 7.O-O-O b5 8.Bd3 Qa5
9.Kb1 b4 10.Ne2 Bg4 11.Bh6 Nbd7 12.Nc1 Rab8 13.Rde1  1/2-1/2

[Event "CZE-chT 9798"]
[Site "CZE"]
[Date "1997.12.13"]
[Round "3"]
[White "Prandstetter, Eduard"]
[Black "Cesal, Jaroslav"]
[Result "1-0"]
[WhiteElo "2385"]
[BlackElo "2320"]

1.e4 g6 2.d4 Bg7 3.Nc3 d6 4.Nge2 Nf6 5.g3 b5 6.Bg2 Bb7 7.a3 a5 8.d5 Qd7 9.O-O b4
10.axb4 axb4 11.Rxa8 Bxa8 12.Nb1 O-O 13.h3 c6 14.c4 Qa7 15.Qb3 Qa5 16.f4 cxd5
17.exd5 Rc8 18.Nd2 Bb7 19.Qd3 Nbd7 20.b3 Qa2 21.g4 Nc5 22.Qe3 Re8 23.g5 Nfd7
24.h4 Qa8 25.f5 gxf5 26.Ng3 e6 27.Nh5 Bh8 28.Qg3 Be5 29.Qh3 Qa1 30.Nf3 Qc3
31.Bd2 Qxb3 32.Nxe5 Qxh3 33.Bxh3 Nxe5 34.Nf6+ Kf8 35.Nxe8 Kxe8 36.Bxb4 Nxc4
37.Bxc5 dxc5 38.dxe6 fxe6 39.Rc1 Nd2 40.Bg2 Bxg2 41.Kxg2 Ne4 42.Kf3 c4 43.Kf4 c3
44.Rc2 Ke7 45.Ke5 Kd7 46.Ra2 Nc5 47.h5 Nd3+ 48.Kf6 Nf4 49.h6 Nd5+ 50.Kg7 Nb4
51.Ra7+ Kd6 52.g6 c2 53.Ra1  1-0

[Event "CZE-chT 9798"]
[Site "CZE"]
[Date "1997.12.13"]
[Round "3"]
[White "Pachmann, Ales"]
[Black "Pastircak, Milan"]
[Result "1/2-1/2"]
[WhiteElo "2285"]
[BlackElo "2370"]

1.e4 g6 2.d4 Bg7 3.Nc3 d6 4.f4 Nc6 5.Be3 Nf6 6.Nf3 O-O 7.Qd2 Ng4 8.Bg1 e5
9.dxe5 dxe5 10.Qxd8 Rxd8 11.h3 Nf6 12.fxe5 Nd7 13.O-O-O Ndxe5 14.Rxd8+ Nxd8
15.Nd5 Ne6 16.Nd4 b6 17.Bb5 Bb7 18.Nxe6 fxe6 19.Nxc7 Rc8 20.Nxe6 Bxe4 21.Ba4 Bh6+
22.Kb1 Bxg2 23.Rh2 Bd5 24.Nd4 Nc4 25.b3 Ne3 26.Re2 Nd1 27.Re8+ Rxe8 28.Bxe8 Bg7
29.c4 Be4+ 30.Kc1 Nc3 31.Kd2 Nxa2 32.Be3 Nb4 33.Nb5 Kf8 34.Bd7 Ke7 35.Bc8 a6
36.Nc3 Bg2 37.Bxb6 Bh6+ 38.Be3 Bxe3+ 39.Kxe3 Kd6 40.Ne4+ Ke5 41.Nc5 a5 42.Nd7+ Kd6
43.Nf8 Nc2+ 44.Kf2 Bc6 45.Nxh7 Nd4 46.Ke3 Nxb3 47.Kd3 Nc5+ 48.Kc3 Ne4+ 49.Kb3 Kc5
50.Nf8 Nd2+ 51.Kc3 Ne4+  1/2-1/2

[Event "Rishon Le Ziyyon 9798"]
[Site "Rishon Le Ziyyon"]
[Date "1997.12.25"]
[Round "1"]
[White "Ribshtein, Nati"]
[Black "Zaichik, Gennadi"]
[Result "0-1"]
[WhiteElo "2335"]
[BlackElo "2540"]

1.e4 g6 2.d4 Bg7 3.Nc3 d6 4.Be3 a6 5.a4 Nf6 6.Nf3 O-O 7.Be2 b6 8.O-O Bb7
9.Nd2 e5 10.d5 Nbd7 11.a5 b5 12.Na2 c6 13.dxc6 Bxc6 14.Nb4 Bb7 15.c4 Nc5
16.Nd5 Bxd5 17.exd5 b4 18.Nb3 Nfd7 19.Nxc5 Nxc5 20.Ra2 Qc7 21.f3 f5 22.Kh1 Rfe8
23.Qe1 Rab8 24.Qf2 b3 25.Ra3 e4 26.Bxc5 Qxc5 27.Qxc5 dxc5 28.Bd1 e3 29.Rxb3 e2  0-1

[Event "Raiffeisen op-A 6th"]
[Site "Aschach"]
[Date "1997.12.27"]
[Round "2"]
[White "Wege, Jochen"]
[Black "Beim, Valery"]
[Result "0-1"]
[WhiteElo "2200"]
[BlackElo "2535"]

1.e4 g6 2.d4 Bg7 3.Nc3 d6 4.f4 Nf6 5.Nf3 O-O 6.Be2 c5 7.dxc5 Qa5 8.O-O Qxc5+
9.Kh1 Nc6 10.Qe1 Bg4 11.Bd3 Rfc8 12.Be3 Qa5 13.a3 Bxf3 14.Rxf3 Nd7 15.Bd2 Qd8
16.Rh3 e6 17.Qg3 Nc5 18.f5 Nxd3 19.cxd3 exf5 20.exf5 Nd4 21.fxg6 fxg6 22.Bg5 Nf5
23.Qf4 Qd7 24.Qb4 Rf8 25.Rf3 Nd4 26.Rff1 Rae8 27.Nd5 Nc2 28.Qc4 Nxa1 29.Ne7+ Kh8
30.Rf7 Rxf7 31.Qxf7 Rf8  0-1

[Event "Raiffeisen op-A 6th"]
[Site "Aschach"]
[Date "1997.12.28"]
[Round "4"]
[White "Rogulj, Branko"]
[Black "Beim, Valery"]
[Result "0-1"]
[WhiteElo "2415"]
[BlackElo "2535"]

1.e4 g6 2.d4 Bg7 3.Nc3 d6 4.f4 a6 5.a4 Nf6 6.Bc4 c5 7.d5 e6 8.dxe6 Bxe6 9.Bxe6 fxe6
10.Nf3 Nc6 11.O-O O-O 12.Qd3 Qe7 13.e5 dxe5 14.fxe5 Ng4 15.Bg5 Qc7 16.Qc4 Ngxe5
17.Qxe6+ Qf7 18.Qxf7+ Rxf7 19.Nxe5 Bxe5 20.Rxf7 Kxf7 21.Ne4 Bxb2 22.Rb1 Bd4+
23.Kf1 Ke6 24.c3 Rf8+ 25.Ke2 Kd5 26.cxd4 Kxe4 27.dxc5 Nd4+ 28.Ke1 Rf7 29.Bh4 Kd3
30.Bf2 Nc2+ 31.Kf1 Ne3+ 32.Kg1 Kc2 33.Rb6 Nd5 34.Rd6 Nb4 35.Rb6 Nc6 36.h3 Kc3
37.Rb1 Kc4 38.Rb6 Ne5 39.Be3 Nc6 40.Bf2 Nb4 41.h4 Kb3 42.c6 bxc6 43.a5 Ka4
44.Be1 c5 45.Bxb4 cxb4 46.Rxa6 Rf5 47.Ra7 Rxa5 48.Rxh7 b3  0-1

[Event "Raiffeisen op-A 6th"]
[Site "Aschach"]
[Date "1997.12.28"]
[Round "4"]
[White "Kranzl, Peter"]
[Black "Schmidt, Peter"]
[Result "1/2-1/2"]
[WhiteElo "2265"]
[BlackElo "2410"]

1.e4 g6 2.d4 Bg7 3.Nc3 d6 4.g3 Nf6 5.Bg2 O-O 6.h3 e5 7.Nge2 Nc6 8.Be3 exd4
9.Nxd4 Bd7 10.O-O Re8 11.Nde2 b5 12.a3 a5 13.g4 b4 14.axb4 axb4 15.Rxa8 Qxa8
16.Nd5 Nxd5 17.exd5 Ne5 18.b3 c5 19.Ng3 c4 20.bxc4 Qa6 21.Bd4 Qxc4 22.Ne4 Qxd4  1/2-1/2

[Event "Rishon Le Ziyyon 9798"]
[Site "Rishon Le Ziyyon"]
[Date "1997.12.29"]
[Round "5"]
[White "Krays, Alexander"]
[Black "Khetsuriani, Besarion"]
[Result "1/2-1/2"]
[WhiteElo "2375"]
[BlackElo "2305"]

1.e4 d6 2.d4 g6 3.Nc3 Bg7 4.Bg5 c5 5.dxc5 Qa5 6.Qd2 Qxc5 7.Bd3 Nf6 8.Nge2 Ng4
9.Bh4 Bf6 10.Bg3 h5 11.h4 Be6  1/2-1/2

[Event "Raiffeisen op-A 6th"]
[Site "Aschach"]
[Date "1997.12.31"]
[Round "6"]
[White "Todor, Razvan"]
[Black "Steinermayr, Thomas"]
[Result "1-0"]
[WhiteElo "2170"]
[BlackElo "2250"]

1.d4 g6 2.e4 Bg7 3.Nc3 d6 4.Be2 Nf6 5.g4 c5 6.d5 h5 7.g5 Ng8 8.Be3 e5 9.dxe6 Bxe6
10.Qd2 Nc6 11.Nb5 b6 12.c3 Nge7 13.Nxd6+ Kf8 14.f4 Qc7 15.Nb5 Qb7 16.Qc2 a6
17.Nd6 Qc7 18.Rd1 Rd8 19.Nc4 b5 20.Rxd8+ Qxd8 21.Nd2 c4 22.Ngf3 f5 23.gxf6 Bxf6
24.h4 Ke8 25.Ng5 Bg4 26.Ndf3 Nc8 27.Kf2 Qe7 28.e5 Bxg5 29.Qxg6+ Kd7 30.Rd1+ Kc7
31.Nxg5 Nxe5 32.fxe5 Rf8+ 33.Bf3 Qxe5 34.Qc6+  1-0

[Event "Ambasador op"]
[Site "Bern"]
[Date "1997.12.??"]
[Round "5"]
[White "Loetscher, Pirmin"]
[Black "Habibi, Ali"]
[Result "0-1"]
[WhiteElo "2042"]
[BlackElo "2260"]

1.e4 g6 2.d4 Bg7 3.Nc3 d6 4.Nf3 Nf6 5.Be2 O-O 6.O-O e5 7.h3 Nc6 8.Be3 h6
9.Qd2 Kh7 10.dxe5 Nxe5 11.Nxe5 dxe5 12.Bc4 Qxd2 13.Bxd2 c6 14.a4 Kg8 15.Be3 Re8
16.Rfd1 Be6 17.Bxe6 Rxe6 18.Rd3 Kf8 19.a5 Ke8 20.Rad1 g5 21.f3 Bf8 22.Na4 Bb4
23.Nc5 Re7 24.a6 b6 25.Nb7 Rd7 26.Nd6+ Bxd6 27.Rxd6 Ke7 28.R6d2 Rxd2 29.Rxd2 Nd7
30.h4 f6 31.Rd3 Nb8 32.Ra3 c5 33.hxg5 hxg5 34.Kf2 Nc6 35.Ke2 Rh8 36.Ra1 Kd7
37.Bg1 Rh1 38.Kd3 Nb4+ 39.Kc3 Kc6 40.Kb3 Kb5 41.c3 c4+  0-1

[Event "Ambasador op"]
[Site "Bern"]
[Date "1997.12.??"]
[Round "6"]
[White "Cochet, Jean Daniel"]
[Black "Klauser, Markus"]
[Result "0-1"]
[WhiteElo "2074"]
[BlackElo "2356"]

1.d4 d6 2.e4 g6 3.Nc3 Bg7 4.Nf3 Nf6 5.Be2 O-O 6.O-O c5 7.d5 Na6 8.Nd2 Nc7
9.a4 b6 10.Nc4 Ba6 11.f3 Re8 12.Bf4 Nh5 13.Bg5 h6 14.Be3 e6 15.dxe6 Rxe6
16.g4 Nf6 17.g5 hxg5 18.Bxg5 Qf8 19.Bf4 Nh5 20.Bxd6 Rxd6 21.Qxd6 Qxd6 22.Nxd6 Bxc3
23.Nb5 Bxb5 24.axb5 Bxb2 25.Ra2 Bd4+ 26.Kh1 Nf4 27.Bc4 Kg7 28.Rc1 Nce6 29.c3 Be5
30.Ra3 Ng5 31.Rf1 Kf6 32.Kg1 Rh8 33.Rxa7 Bxc3 34.Rb7 Bd4+ 35.Kh1 Rh3 36.Rxb6+ Ke5
37.Ra6 Nxf3 38.Ra2 Kxe4 39.b6 Be5 40.Ba6 Nd4 41.Re1+ Kd5 42.Bc4+ Kxc4 43.Rxe5 Rb3
44.Ra1 Nde6  0-1

[Event "Skolernes Skakklub op"]
[Site "Aarhus"]
[Date "1997.??.??"]
[Round "1"]
[White "Ochsner, Thomas"]
[Black "Alkaersig, Ole"]
[Result "1-0"]
[WhiteElo "2300"]
[BlackElo "2185"]

1.e4 d6 2.d4 g6 3.Nc3 Bg7 4.f4 Nf6 5.Nf3 O-O 6.Bd3 Nc6 7.O-O e5 8.fxe5 dxe5
9.d5 Nd4 10.Nxe5 Nxe4 11.Bxe4 Bxe5 12.Bf4 Bxf4 13.Rxf4 Nf5 14.Bxf5 Bxf5 15.Qd4 Bxc2
16.Raf1 Qe7 17.R4f2 Bf5 18.g4 Bd7 19.Re2 Qh4 20.Rf4 f5 21.gxf5 Qg5+ 22.Rg2 Qh6
23.f6 Rae8 24.h4 Rf7 25.Rg5 b6 26.Kf2 c5 27.dxc6 Bxc6 28.Kg3 Bb7 29.Nb5 Qf8
30.h5 Rd8 31.hxg6 Rxd4 32.gxf7+ Kxf7 33.Nxd4 Bd5 34.Rxd5  1-0